Water waves ; the mathematical theory with applications.

Bibliographic Details
Main Author: Stoker, J. J. (James Johnston), 1905-
Format: Book
Language:English
Published: New York : Interscience Publishers, 1957.
Series:Pure and applied mathematics (John Wiley & Sons : Unnumbered)
Subjects:

MARC

Tag First Indicator Second Indicator Subfields
LEADER 00000cam a2200000 4500
001 in00000322173
005 20170407110510.0
008 750410s1957 nyua 00000 eng d
010 |a  56008228  
035 |a (OCoLC)01267339 
035 |9 ABK5769AM 
040 |c TFW  |d TXA  |d UtOrBLW 
049 |a TXAM  |c [423560] 
050 0 |a QA927  |b .S8 
100 1 |a Stoker, J. J.  |q (James Johnston),  |d 1905- 
245 1 0 |a Water waves ;  |b the mathematical theory with applications. 
264 1 |a New York :  |b Interscience Publishers,  |c 1957. 
300 |a 567 pages :  |b illustrations ;  |c 24 cm. 
336 |a text  |b txt  |2 rdacontent 
337 |a unmediated  |b n  |2 rdamedia 
338 |a volume  |b nc  |2 rdacarrier 
490 1 |a Pure and applied mathematics,  |v v. 4 
536 |a From the library of Dr. Takashi Ichiye, May 2004. 
650 0 |a Waves. 
650 0 |a Hydrodynamics. 
650 0 |a Hydraulics. 
830 0 |a Pure and applied mathematics (John Wiley & Sons : Unnumbered) 
999 |a MARS 
999 f f |s 92fd62e5-7b34-34bf-9169-fa7e1acf168d  |i 48b141d6-ce8c-3ee3-9737-3cff65f4228b  |t 0 
952 f f |p ric  |a Texas A&M University  |b Rellis Campus  |c Joint Library Facility  |s JLF  |d Remote Storage  |t 0  |e QA927 .S8  |h Library of Congress classification  |i unmediated -- volume  |m A14832013141 
998 f f |a QA927 .S8  |t 0  |l Remote Storage